000 01181nam a22003137a 4500
003 CHAP
005 20220329143504.0
008 100128s1987 mx r 10010 spa d
010 _a97421
011 _a98393
020 _a9683602479
035 _a109078
040 _cCHAP
082 0 4 _a581.634063
_bC71 1987
111 2 _aColoquio de Medicina Tradicional Mexicana. Un saber en Extencion (
_n1 :
_d1987 :
_cMéxico, D. F.)
_925422
245 1 0 _aMemorias
260 _aMéxico, D.F. :
_bUNAM, Escuela Nacional de Estudios Profesionales, Zaragoza,
_c1987
300 _a150 p.
590 _aBATCH-UPD
_b10
_c20130110
_lUCH01
_h1711
590 _aBATCH-UPD
_b10
_c20130410
_lUCH01
_h1057
590 _aBATCH-UPD
_b10
_c20130914
_lUCH01
_h0747
590 _aCONVERSION
_b10
_c20130109
_lUCH01
_h1354
650 1 4 _aBotánica médica
_xCongresos.
_914682
710 0 _aUniversidad Nacional Autónoma de México. Escuela Nacional de Estudios Profesionales Zaragoza.
_9116520
901 _aBK
942 _cLIBRO
949 _a581.634063 C71 187
_bBC
_cLIBRO
_d33724002119108
_eLIBRO
_h111622
_i109078
_sb
949 _a581.634063 C71 187
_bBC
_cLIBRO
_d33724002175215
_eLIBRO
_fc.2
_h112709
_i109078
_sb
999 _c97421
_d97421